000 00611nam a2200181Ia 4500
005 20250508154522.0
008 008 250505s9999 xx 000 0 eng d
037 _aTextual
040 _aFEDL
_beng
_cFEDL
041 _aeng
_2eng
084 _a372.6, ROB
_qFEDL
100 _aRobinson H Alan
_9765521
245 0 _aReading and the language arts: Proceedings of the annual conference on reading held at the University of Chicago, 1963. Vol 25
260 _aChicago, USA
_bThe University of Chicago Press
_c1963
300 _aix,252p.
942 _cTEXL
_h372.6, ROB
999 _c1350730
_d1350730